Sunzi bing fa = Sun-Tzu's Art of war (Chinese)

Bibliographic Details
Main Author: Wang, Xuanming
Format: Book
Published: Xinjiapo : Ya tai tu shu , 2005
Subjects:

MARC

LEADER 00000cam a2200000 7i4500
001 0000023367
005 20080911.0
008 080908
020 |a 9812294252 
090 0 0 |a 355.02   |b WAN 
100 0 |a Wang, Xuanming 
245 1 0 |a Sunzi bing fa = Sun-Tzu's Art of war (Chinese)   |c bian hui Wang Xuanmig 
260 |a Xinjiapo :   |b Ya tai tu shu ,   |c 2005 
650 0 |a Military art and scrence   |z China caricature and cartoons 
650 0 |a Strategy   |x Caricatures and cartoons 
650 0 |a Tactics   |x Caricatures and cartoons 
999 |a 0001030855   |b Book   |c Chinese Collection   |e Perbadanan Perpustakaan Awam Johor